000 00492nam a2200181Ia 4500
003 GCL
008 140319s9999 xx 000 0 eng d
040 _aGCL /
_cGCL
082 0 4 _a492.7
_bB E
100 1 _aBLACHERE, R
245 1 0 _aELEMENTS DE L'ARABE CLASSIQUE /
_cBLACHERE, R
260 _a[S.N] :
_bEDITIONS MAISONNEWUE ET LAROUSS ،
_c1985
300 _a174 P
650 0 4 _aLANGUAGES
650 0 4 _aARABIC LANGUAGE - STUDY
650 0 4 _aARABIC LANGUAGE - TEACHING
942 _2ddc
_cBK
999 _c16007
_d16007